Gingtu khat in thei ngeingei ding sil kuo te : (Record no. 10942)
[ view plain ]
| 000 -LEADER | |
|---|---|
| fixed length control field | 00443nam a22001577a 4500 |
| 003 - CONTROL NUMBER IDENTIFIER | |
| control field | GBCCL |
| 005 - DATE AND TIME OF LATEST TRANSACTION | |
| control field | 20250924111812.0 |
| 008 - FIXED-LENGTH DATA ELEMENTS--GENERAL INFORMATION | |
| fixed length control field | 250924b |||||||| |||| 00| 0 eng d |
| 040 ## - CATALOGING SOURCE | |
| Transcribing agency | GBC |
| 082 ## - DEWEY DECIMAL CLASSIFICATION NUMBER | |
| Classification number | 230 |
| Item number | ZOU 1 |
| 100 ## - MAIN ENTRY--PERSONAL NAME | |
| Personal name | Zou, M Kamneithang |
| 245 ## - TITLE STATEMENT | |
| Title | Gingtu khat in thei ngeingei ding sil kuo te : |
| Remainder of title | nine eposodes a believer ought to know |
| 260 ## - PUBLICATION, DISTRIBUTION, ETC. | |
| Place of publication, distribution, etc. | Shillong : |
| Name of publisher, distributor, etc. | Limlunthang zou, |
| Date of publication, distribution, etc. | 2025 |
| 300 ## - PHYSICAL DESCRIPTION | |
| Extent | 102p. ; |
| 942 ## - ADDED ENTRY ELEMENTS (KOHA) | |
| Source of classification or shelving scheme | Dewey Decimal Classification |
| Koha item type | Books |
| Suppress in OPAC | No |
| Withdrawn status | Lost status | Source of classification or shelving scheme | Damaged status | Not for loan | Home library | Current Library | Shelving location | Date acquired | Total checkouts | Full call number | Barcode | Date last seen | Copy number | Price effective from | Koha item type |
|---|---|---|---|---|---|---|---|---|---|---|---|---|---|---|---|
| Dewey Decimal Classification | GRACE BIBLE COLLEGE | GRACE BIBLE COLLEGE | Vernacular | 2025-09-24 | VER 230 ZOU | 021051 | 2025-09-24 | c.1 | 2025-09-24 | Books | |||||
| Dewey Decimal Classification | GRACE BIBLE COLLEGE | GRACE BIBLE COLLEGE | Vernacular | 2025-09-24 | VER 230 ZOU | 021052 | 2025-09-24 | c.2 | 2025-09-24 | Books | |||||
| Dewey Decimal Classification | GRACE BIBLE COLLEGE | GRACE BIBLE COLLEGE | Vernacular | 2025-09-24 | VER 230 ZOU | 021053 | 2025-09-24 | c.3 | 2025-09-24 | Books | |||||
| Dewey Decimal Classification | GRACE BIBLE COLLEGE | GRACE BIBLE COLLEGE | Vernacular | 2025-09-24 | VER 230 ZOU | 021054 | 2025-09-24 | c.4 | 2025-09-24 | Books | |||||
| Dewey Decimal Classification | GRACE BIBLE COLLEGE | GRACE BIBLE COLLEGE | Vernacular | 2025-09-24 | VER 230 ZOU | 021055 | 2025-09-24 | c.5 | 2025-09-24 | Books |